000 00558nam a22001697a 4500
005 20231106132053.0
008 231106b |||||||| |||| 00| 0 eng d
041 _aEnglish
082 _a346.5 SHR
100 _aShrand, D
_lEnglish
245 _aThe Administration of Deceased Estates in South Africa /
_cD Shrand
250 _aThird Edition
260 _aCape Town :
_bLegal and Financial Publishing Company (Pty) Ltd,
_c1973
300 _bxviii, 567 pages ;
_c23 cm.
650 _aLegal practice
_bLaw
942 _cBK
_6ALISON_BN_VRIES
999 _c326
_d326